000 00565nam a2200193Ia 4500
005 20250508164059.0
008 008 250505s9999 xx 000 0 eng d
020 _a81-85604-39-8
037 _aTextual
040 _aFEDL
_beng
_cFEDL
041 _aeng
_2eng
084 _a305.4, MUK
_qFEDL
100 _aMukhopadhyay Maitrayee
245 0 _aLegally dispossessed gender, identity and the process of law
260 _aCalcutta, India
_bM. Sen for Stree
_c1998
300 _axii,246p.
942 _cTEXL
_h305.4, MUK
999 _c1386951
_d1386951